|
|
|
|
| LEADER |
00000nam a2200000 i 4500 |
| 001 |
1/104281 |
| 008 |
000309s1996 eng d |
| 020 |
|
|
|a 4-431-70172-9
|
| 035 |
|
|
|l 10058780
|
| 040 |
|
|
|a GR-MY-UA
|b gre
|e aacr
|
| 041 |
0 |
|
|a eng
|
| 082 |
0 |
|
|a 618.9289
|
| 245 |
1 |
0 |
|a Recent progress in child and adolescent psychiatry :
|b with 17 figures /
|c M. Shimizu (ed.)
|
| 260 |
|
|
|a Tokyo :
|b Springer,
|c 1996
|
| 300 |
|
|
|a 218 p.
|
| 650 |
0 |
0 |
|a Psychiatry.
|
| 650 |
0 |
0 |
|a Child psychology.
|
| 650 |
0 |
0 |
|a Developmental psychology.
|
| 700 |
1 |
|
|a Shimizu, M.
|4 edt
|
| 852 |
|
|
|a INST
|b RHODES
|e 20000309
|h 618.9289 REC
|p 005400012324
|q 005400012324
|t BK
|y 0
|
| 901 |
|
|
|a BIBL4-2000-1
|
| 909 |
|
|
|a Ρ
|b 068809
|
| 922 |
|
|
|a 4ΕΛΗ
|b 199907
|c ΚΠΣ/154
|d GLORY BOOKS
|
| 970 |
|
|
|a ΚΟΥΛΑΚΙΟΤΗ
|b ΛΙΤΣΑ
|z 2000/03/09
|